General school laws of the state of New York. (Record no. 18845)

MARC details
000 -LEADER
fixed length control field 00950cam a22002531 4500
001 - CONTROL NUMBER
control field e 09001212
003 - CONTROL NUMBER IDENTIFIER
control field DLC
005 - DATE AND TIME OF LATEST TRANSACTION
control field 20260227111151.0
007 - PHYSICAL DESCRIPTION FIXED FIELD--GENERAL INFORMATION
fixed length control field cr_|||||||||||
008 - FIXED-LENGTH DATA ELEMENTS--GENERAL INFORMATION
fixed length control field 790914s1878 nyu 000 0 eng c
010 ## - LIBRARY OF CONGRESS CONTROL NUMBER
LC control number e 09001212
035 ## - SYSTEM CONTROL NUMBER
System control number (OCoLC)5377745
040 ## - CATALOGING SOURCE
Original cataloging agency Library, U.S. Bur. of Education
Transcribing agency OCl
Modifying agency DLC
042 ## - AUTHENTICATION CODE
Authentication code premarc
050 00 - LIBRARY OF CONGRESS CALL NUMBER
Classification number LB2529
Item number .N73 1878
110 1# - MAIN ENTRY--CORPORATE NAME
Corporate name or jurisdiction name as entry element New York (State).
245 00 - TITLE STATEMENT
Title General school laws of the state of New York.
Statement of responsibility, etc. Prepared by the superintendent of public instruction, pursuant to chapter 252, Laws of 1878.
260 ## - PUBLICATION, DISTRIBUTION, ETC.
Place of publication, distribution, etc. Albany,
Name of publisher, distributor, etc. Weed, Parsons and company, printers,
Date of publication, distribution, etc. 1878.
300 ## - PHYSICAL DESCRIPTION
Extent 133 p.
Dimensions 23 cm.
530 ## - ADDITIONAL PHYSICAL FORM AVAILABLE NOTE
Additional physical form available note Also available in digital form on the Internet Archive Web site.
650 #0 - SUBJECT ADDED ENTRY--TOPICAL TERM
Topical term or geographic name entry element Educational law and legislation
Geographic subdivision New York (State)
710 1# - ADDED ENTRY--CORPORATE NAME
Corporate name or jurisdiction name as entry element New York (State).
Subordinate unit Department of Public Instruction.
856 41 - ELECTRONIC LOCATION AND ACCESS
Uniform Resource Identifier <a href="http://hdl.loc.gov/loc.gdc/scd0001.00203121660">http://hdl.loc.gov/loc.gdc/scd0001.00203121660</a>

No items available.

Powered by Koha